[Event "Torun-Bydgoszcz m"]
[Site "Przysiek"]
[Date "2005.12.04"]
[Round "?"]
[White "Skrochocka, Justyna"]
[Black "Weglarz, Joanna"]
[Result "1/2-1/2"]
[WhiteElo "2058"]
[BlackElo "2038"]
[PlyCount "91"]
[EventDate "2005.12.04"]
[EventType "team"]
[EventRounds "1"]
[EventCountry "POL"]
[SourceTitle "EXT 2007"]
[Source "ChessBase"]
[SourceDate "2006.11.23"]
[SourceVersion "1"]
[SourceVersionDate "2006.11.23"]
[SourceQuality "1"]

1. e4 c5 2. Nf3 d6 3. d4 cxd4 4. Nxd4 Nf6 5. Nc3 a6 6. Be2 e6 7. 0-0 Be7 8. f4 Qc7 9. Be3 Nbd7 10. g4 Nc5 11. Bf3 d5 12. exd5 Nxd5 13. Nxd5 exd5 14. Bxd5 0-0 15. c4 Bd6 16. Qf3 Na4 17. Rf2 Re8 18. h3 Bc5 19. Rd1 Nb6 20. Nc2 Nxd5 21. Rxd5 Bxe3 22. Nxe3 Be6 23. Rd4 b5 24. f5 Bd7 25. Nd5 Qe5 26. Rfd2 Bc6 27. f6 bxc4 28. fxg7 Bxd5 29. Rxd5 Qe3+ 30. Kg2 Qxf3+ 31. Kxf3 Rac8 32. Rc2 Rb8 33. Rc5 Rbd8 34. R5xc4 Rd3+ 35. Kf4 Rxh3 36. Rc8 Rxc8 37. Rxc8+ Kxg7 38. Rc6 Rh2 39. Rxa6 Rxb2 40. a4 Rf2+ 41. Kg3 Rc2 42. a5 Rc3+ 43. Kf4 Rc4+ 44. Kf3 Rc3+ 45. Kf4 Rc4+ 46. Kf3 1/2-1/2

[Event "POL-chT 61st"]
[Site "Lubniewice"]
[Date "2005.09.04"]
[Round "2"]
[White "Socko, Monika"]
[Black "Skrochocka, Justyna"]
[Result "1-0"]
[WhiteElo "2465"]
[BlackElo "2064"]
[PlyCount "77"]
[EventDate "2005.09.03"]
[EventType "team-tourn"]
[EventRounds "9"]
[EventCountry "POL"]
[SourceTitle "EXT 2019"]
[Source "ChessBase"]
[SourceDate "2018.10.10"]
[SourceVersion "1"]
[SourceVersionDate "2018.10.10"]
[SourceQuality "1"]
[WhiteTeam "Warszawa Polonia"]
[BlackTeam "Poznan Pocztowiec"]
[WhiteTeamCountry "POL"]
[BlackTeamCountry "POL"]

1. d4 Nf6 2. c4 e6 3. Nc3 Bb4 4. Qc2 0-0 5. a3 Bxc3+ 6. Qxc3 b6 7. Nf3 d6 8. Bg5 Ba6 9. e3 Nbd7 10. Bd3 c5 11. 0-0 Rc8 12. b3 h6 13. Bh4 cxd4 14. exd4 Bb7 15. Bc2 d5 16. Ne5 g5 17. Bg3 dxc4 18. bxc4 Be4 19. Bb3 Qe7 20. Nxd7 Nxd7 21. Rae1 Bf5 22. Re3 Qf6 23. h3 Rfd8 24. Bd1 Nb8 25. Be5 Qe7 26. d5 Rxd5 27. Bxb8 Rxd1 28. Rxd1 Rxb8 29. Qd4 Rc8 30. h4 gxh4 31. Qe5 Qg5 32. Rd4 Bg6 33. Qd6 Qc5 34. Qd7 Qc7 35. Qa4 a5 36. Qd1 Qc5 37. Rxh4 Kg7 38. Qa1+ Kh7 39. Qf6 1-0

[Event "POL-chT 60th"]
[Site "Dzwirzyno"]
[Date "2004.09.12"]
[Round "9"]
[White "Skrochocka, Justyna"]
[Black "Socko, Monika"]
[Result "0-1"]
[WhiteElo "2093"]
[BlackElo "2428"]
[PlyCount "78"]
[EventDate "2004.09.04"]
[EventType "team-tourn"]
[EventRounds "9"]
[EventCountry "POL"]
[SourceTitle "EXT 2019"]
[Source "ChessBase"]
[SourceDate "2018.10.10"]
[SourceVersion "1"]
[SourceVersionDate "2018.10.10"]
[SourceQuality "1"]
[WhiteTeam "Poznan Pocztowiec"]
[BlackTeam "Warszawa Polonia"]
[WhiteTeamCountry "POL"]
[BlackTeamCountry "POL"]

1. e4 e6 2. d4 d5 3. Nc3 Bb4 4. exd5 exd5 5. Bd3 Be6 6. Nge2 Nc6 7. 0-0 Qd7 8. Be3 Nge7 9. Nf4 Bf5 10. Nce2 0-0-0 11. c3 Bd6 12. Bb5 g5 13. Nd3 Bxd3 14. Bxd3 h6 15. Qc2 f5 16. f4 Rdf8 17. b4 Nd8 18. a4 Ne6 19. b5 Rhg8 20. Rf2 gxf4 21. Nxf4 Rg4 22. Raf1 Rfg8 23. Kh1 Nxf4 24. Bxf4 Bxf4 25. Rxf4 Rxg2 26. Qxg2 Rxg2 27. Kxg2 b6 28. Bxf5 Nxf5 29. Rxf5 Qe6 30. R1f3 Qe2+ 31. Kg3 Qc4 32. Re5 Kb7 33. Kg4 Qxa4 34. Rxd5 Qa2 35. Rh5 Qg2+ 36. Kf4 Qd2+ 37. Kg4 Qe2 38. h4 Qe4+ 39. Rf4 Qg6+ 0-1

[Event "POL-chT 60th"]
[Site "Dzwirzyno"]
[Date "2004.09.11"]
[Round "8"]
[White "Bukowska, Katarzyna"]
[Black "Skrochocka, Justyna"]
[Result "1/2-1/2"]
[WhiteElo "1968"]
[BlackElo "2093"]
[PlyCount "112"]
[EventDate "2004.09.04"]
[EventType "team-tourn"]
[EventRounds "9"]
[EventCountry "POL"]
[SourceTitle "EXT 2019"]
[Source "ChessBase"]
[SourceDate "2018.10.10"]
[SourceVersion "1"]
[SourceVersionDate "2018.10.10"]
[SourceQuality "1"]
[WhiteTeam "Gdanski Jantar Pruszcz"]
[BlackTeam "Poznan Pocztowiec"]
[WhiteTeamCountry "POL"]
[BlackTeamCountry "POL"]

1. e4 c5 2. Nf3 Nc6 3. d4 cxd4 4. Nxd4 Nf6 5. Nc3 d6 6. Be2 e5 7. Nf3 Be7 8. 0-0 0-0 9. Re1 a6 10. a4 Be6 11. Bf1 Rc8 12. h3 h6 13. g3 Nd7 14. Nd5 f5 15. exf5 Rxf5 16. Bg2 Kh8 17. c3 Qf8 18. Nxe7 Qxe7 19. Nh4 Rf6 20. Qh5 Qf7 21. Qxf7 Bxf7 22. Be3 g5 23. Nf3 Na5 24. Nd2 Kg8 25. Rad1 d5 26. g4 Nf8 27. Nf1 Rd8 28. Ng3 Nc4 29. b3 Nxe3 30. Rxe3 Ng6 31. Nf5 Kh7 32. Be4 Rb6 33. b4 d4 34. Rf3 Bb3 35. Rd2 Bd5 36. Bxd5 Rxd5 37. a5 Re6 38. cxd4 exd4 39. Rxd4 Rxd4 40. Nxd4 Re1+ 41. Kh2 Nf4 42. Re3 Rd1 43. Re7+ Kg6 44. Nf5 Rd2 45. Kg3 h5 46. Rxb7 Rd3+ 47. Ne3 h4+ 48. Kh2 Rd2 49. Rb6+ Kf7 50. Rxa6 Rxf2+ 51. Kh1 Rf3 52. Nf5 Rf1+ 53. Kh2 Rf2+ 54. Kh1 Rf1+ 55. Kh2 Rf2+ 56. Kh1 Rf1+ 1/2-1/2

[Event "Krakow op-B"]
[Site "Krakow"]
[Date "2004.01.04"]
[Round "9"]
[White "Woniak, Katarzyna"]
[Black "Skrochocka, Justyna"]
[Result "1/2-1/2"]
[WhiteElo "1960"]
[BlackElo "2094"]
[PlyCount "56"]
[EventDate "2003.12.27"]
[EventType "swiss"]
[EventRounds "9"]
[EventCountry "POL"]
[SourceTitle "EXT 2006"]
[Source "ChessBase"]
[SourceDate "2005.11.24"]
[SourceVersion "1"]
[SourceVersionDate "2005.11.24"]
[SourceQuality "1"]

1. d4 Nf6 2. c4 e6 3. Nf3 d5 4. Nc3 Be7 5. Bg5 0-0 6. e3 h6 7. Bxf6 Bxf6 8. Qc2 c5 9. dxc5 Qa5 10. Rc1 Nc6 11. a3 d4 12. exd4 Nxd4 13. Nxd4 Bxd4 14. Be2 Qxc5 15. 0-0 Bd7 16. b4 Qc7 17. Qe4 e5 18. Bf3 Bc6 19. Qf5 Rad8 20. Bxc6 Qxc6 21. c5 a5 22. h3 axb4 23. axb4 g6 24. Qb1 b6 25. cxb6 Qxb6 26. Ne2 Qb5 27. Nxd4 Rxd4 28. Rc5 Qxb4 1/2-1/2

[Event "Krakow op-B"]
[Site "Krakow"]
[Date "2003.12.29"]
[Round "4"]
[White "Jakubiec, Edyta"]
[Black "Skrochocka, Justyna"]
[Result "0-1"]
[WhiteElo "1974"]
[BlackElo "2094"]
[PlyCount "88"]
[EventDate "2003.12.27"]
[EventType "swiss"]
[EventRounds "9"]
[EventCountry "POL"]
[SourceTitle "EXT 2006"]
[Source "ChessBase"]
[SourceDate "2005.11.24"]
[SourceVersion "1"]
[SourceVersionDate "2005.11.24"]
[SourceQuality "1"]

1. e4 c5 2. Nf3 Nc6 3. d4 cxd4 4. Nxd4 Nf6 5. Nc3 d6 6. Be2 e5 7. Nb3 a5 8. a4 Be7 9. 0-0 0-0 10. Kh1 Nb4 11. f4 Be6 12. Be3 exf4 13. Bxf4 d5 14. e5 Ne4 15. Nxe4 dxe4 16. Nd4 Nd5 17. c3 Bg5 18. Bg3 Qb6 19. Nxe6 fxe6 20. Rxf8+ Rxf8 21. Qc2 Ne3 22. Qxe4 Qxb2 23. Re1 Qxe2 24. h4 Rf1+ 25. Rxf1 Qxf1+ 26. Kh2 Bh6 27. Qxb7 Qc4 28. Qa8+ Kf7 29. Qb7+ Kg6 30. Qf3 Qg4 31. Qf8 Qe2 32. Qe8+ Kf5 33. Qf7+ Ke4 34. Qb7+ Kd3 35. Qb5+ Kd2 36. Qb2+ Nc2 37. Qb6 Qg4 38. Qxa5 Bf4 39. Bxf4+ Qxf4+ 40. Kg1 Ne3 41. c4+ Ke2 42. Qa8 Nxc4 43. Qf3+ Qxf3 44. gxf3 Kxf3 0-1

[Event "Krakow op-B"]
[Site "Krakow"]
[Date "2003.12.28"]
[Round "2"]
[White "Ohlund, Nicolas"]
[Black "Skrochocka, Justyna"]
[Result "1/2-1/2"]
[WhiteElo "2040"]
[BlackElo "2094"]
[PlyCount "49"]
[EventDate "2003.12.27"]
[EventType "swiss"]
[EventRounds "9"]
[EventCountry "POL"]
[SourceTitle "EXT 2006"]
[Source "ChessBase"]
[SourceDate "2005.11.24"]
[SourceVersion "1"]
[SourceVersionDate "2005.11.24"]
[SourceQuality "1"]

1. d4 d5 2. c4 e6 3. Nc3 Nf6 4. cxd5 exd5 5. Bg5 Be7 6. e3 c6 7. Qc2 0-0 8. Bd3 Nbd7 9. Nge2 Re8 10. f3 h6 11. Bh4 c5 12. dxc5 Nxc5 13. Bb5 Bd7 14. Bxd7 Qxd7 15. 0-0 Ng4 16. fxg4 Bxh4 17. Rad1 Rac8 18. Rxd5 Qe6 19. Qf5 Qxe3+ 20. Kh1 Bf6 21. Ng3 Rc7 22. Nb5 Rc6 23. Nd6 Rb8 24. Nh5 Na4 25. Nxf7 1/2-1/2

[Event "Poznan op-A"]
[Site "Poznan"]
[Date "2003.07.11"]
[Round "6"]
[White "Wojcieszyn, Zdzislaw"]
[Black "Skrochocka, Justyna"]
[Result "0-1"]
[WhiteElo "2173"]
[BlackElo "2107"]
[PlyCount "56"]
[EventDate "2003.07.07"]
[EventType "swiss"]
[EventRounds "9"]
[EventCountry "POL"]
[SourceTitle "CBM 095 Extra"]
[Source "ChessBase"]
[SourceDate "2003.09.04"]
[SourceVersion "1"]
[SourceVersionDate "2003.09.04"]
[SourceQuality "1"]

1. e4 c5 2. Nc3 Nc6 3. g3 g6 4. Bg2 Bg7 5. d3 Nf6 6. f4 d6 7. Nf3 0-0 8. Be3 Rb8 9. h3 b5 10. a3 a5 11. Qd2 b4 12. axb4 axb4 13. Ne2 Bb7 14. 0-0 Ra8 15. c3 bxc3 16. bxc3 c4 17. Ned4 cxd3 18. Qxd3 Na5 19. e5 Nd5 20. Rfb1 Ba6 21. Nb5 Nxe3 22. Qxe3 Nc4 23. Qd4 d5 24. Bf1 Bxb5 25. Rxa8 Qxa8 26. Rxb5 Rd8 27. Bxc4 dxc4 28. Qxc4 Qxf3 0-1

[Event "EU-ch U18 Girls"]
[Site "Peniscola"]
[Date "2002.10.08"]
[Round "9"]
[White "Bronnikova, Elizaveta"]
[Black "Skrochocka, Justyna"]
[Result "1-0"]
[WhiteElo "2233"]
[BlackElo "2096"]
[PlyCount "79"]
[EventDate "2002.09.29"]
[EventType "swiss"]
[EventRounds "9"]
[EventCountry "ESP"]
[SourceTitle "CBM 090 Extra"]
[Source "ChessBase"]
[SourceDate "2002.11.07"]
[SourceVersion "1"]
[SourceVersionDate "2002.11.07"]
[SourceQuality "1"]

1. e4 c5 2. Nf3 Nc6 3. d3 d6 4. g3 g6 5. Bg2 Bg7 6. 0-0 Nf6 7. c3 0-0 8. h3 Rb8 9. a4 a6 10. Re1 b5 11. axb5 axb5 12. d4 cxd4 13. cxd4 d5 14. e5 Ne8 15. Bf4 e6 16. Nc3 Qb6 17. h4 Nc7 18. Qd2 Bd7 19. Bh6 Nxd4 20. Bxg7 Nxf3+ 21. Bxf3 Kxg7 22. h5 Ne8 23. Kg2 Qd8 24. Rh1 g5 25. h6+ Kh8 26. Ra7 Rg8 27. Qd4 Rc8 28. Bh5 Rc4 29. Qd3 f6 30. Bf7 fxe5 31. Bxe6 Nc7 32. Bxg8 Qxg8 33. b3 Rc5 34. Re1 d4 35. Ne4 Bf5 36. Qf3 Bxe4 37. Qxe4 Qb8 38. Rb7 Qe8 39. b4 Rc4 40. Rb8 1-0

[Event "EU-ch U18 Girls"]
[Site "Peniscola"]
[Date "2002.10.03"]
[Round "5"]
[White "Ragger, Anna Christina"]
[Black "Skrochocka, Justyna"]
[Result "1/2-1/2"]
[WhiteElo "2114"]
[BlackElo "2096"]
[PlyCount "58"]
[EventDate "2002.09.29"]
[EventType "swiss"]
[EventRounds "9"]
[EventCountry "ESP"]
[SourceTitle "CBM 090 Extra"]
[Source "ChessBase"]
[SourceDate "2002.11.07"]
[SourceVersion "1"]
[SourceVersionDate "2002.11.07"]
[SourceQuality "1"]

1. e4 c5 2. Nf3 Nc6 3. d4 cxd4 4. Nxd4 Nf6 5. Nc3 d6 6. Be2 e5 7. Nf3 h6 8. 0-0 Be7 9. Re1 0-0 10. h3 Be6 11. Bf1 Nb8 12. b3 Nbd7 13. Bb2 a6 14. a4 Qc7 15. a5 Rac8 16. Nd2 d5 17. exd5 Nxd5 18. Nxd5 Bxd5 19. Nc4 Be6 20. Bd3 Bf6 21. Nd6 Rcd8 22. Ne4 Be7 23. Nd2 f5 24. Nc4 Bf6 25. f3 Kh8 26. Qe2 Bxc4 27. Bxc4 e4 28. Bxf6 Nxf6 29. fxe4 Nxe4 1/2-1/2

[Event "EU-ch U18 Girls"]
[Site "Peniscola"]
[Date "2002.09.29"]
[Round "1"]
[White "Karnaukhova, Elmira"]
[Black "Skrochocka, Justyna"]
[Result "1-0"]
[WhiteElo "2325"]
[BlackElo "2096"]
[PlyCount "81"]
[EventDate "2002.09.29"]
[EventType "swiss"]
[EventRounds "9"]
[EventCountry "ESP"]
[SourceTitle "CBM 090 Extra"]
[Source "ChessBase"]
[SourceDate "2002.11.07"]
[SourceVersion "1"]
[SourceVersionDate "2002.11.07"]
[SourceQuality "1"]

1. d4 d5 2. c4 e6 3. Nc3 Nf6 4. Bg5 Be7 5. e3 0-0 6. Nf3 h6 7. Bh4 b6 8. Rc1 Bb7 9. Bxf6 Bxf6 10. cxd5 exd5 11. Be2 Nd7 12. 0-0 c5 13. Bd3 a6 14. Bb1 Re8 15. Qd3 g6 16. a3 Rc8 17. h3 b5 18. Rfe1 Bg7 19. Qd2 Nf6 20. dxc5 Rxc5 21. Red1 Qc8 22. Ba2 Ne4 23. Nxe4 dxe4 24. Rxc5 Qxc5 25. b4 Qe7 26. Nd4 Rc8 27. Nb3 Rc7 28. Nc5 Kh8 29. Qd6 Qxd6 30. Rxd6 Bf8 31. Rd7 Rxd7 32. Nxd7 Kg7 33. Kf1 f5 34. Ke2 Bd6 35. Kd2 Bc8 36. Be6 a5 37. bxa5 Bxa3 38. Kc3 Bd6 39. Kd4 Bc7 40. Nc5 Bxa5 41. Bxc8 1-0

[Event "POL-ch U18 Girls"]
[Site "Bartkowa"]
[Date "2002.??.??"]
[Round "?"]
[White "Szymanska, Maria"]
[Black "Skrochocka, Justyna"]
[Result "0-1"]
[WhiteElo "2149"]
[BlackElo "2049"]
[PlyCount "118"]
[EventDate "2002.01.??"]
[EventType "swiss"]
[EventRounds "10"]
[EventCountry "POL"]
[SourceTitle "EXT 2005"]
[Source "ChessBase"]
[SourceDate "2004.11.15"]
[SourceVersion "1"]
[SourceVersionDate "2004.11.15"]
[SourceQuality "1"]

1. d4 Nf6 2. c4 e6 3. Nc3 Bb4 4. Qc2 d6 5. a3 Bxc3+ 6. Qxc3 Nbd7 7. Bg5 h6 8. Bh4 Qe7 9. e3 0-0 10. Be2 e5 11. Nf3 Re8 12. 0-0 Nf8 13. Qc2 exd4 14. Nxd4 Ng6 15. Bxf6 Qxf6 16. Nb5 Bf5 17. Qd2 Re7 18. Bf3 Rb8 19. Qd4 Ne5 20. Be2 Qg6 21. Kh1 Nc6 22. Qd2 Rbe8 23. Rad1 Rd7 24. Bd3 Ne5 25. Bxf5 Qxf5 26. b3 Qh5 27. Nd4 Ng4 28. h3 Nf6 29. Qe2 Qxe2 30. Nxe2 d5 31. c5 Ne4 32. b4 a5 33. Kg1 c6 34. Nd4 axb4 35. axb4 Ra8 36. Ra1 Rdd8 37. Nb3 Nc3 38. Ra5 Rxa5 39. Nxa5 Rb8 40. f3 Kf8 41. Kf2 Ke7 42. Rc1 Nb5 43. Ra1 Kd7 44. Nb3 b6 45. cxb6 Rxb6 46. Nc5+ Kc7 47. Ra8 Nd6 48. Nd3 Nc8 49. Ke2 Kb7 50. Ra4 Nd6 51. Nc5+ Kc8 52. Kd3 Nb7 53. Ra8+ Kc7 54. Na6+ Kd6 55. Kc3 Rb5 56. Rb8 Rb6 57. Nc5 Nxc5 58. bxc5+ Kxc5 59. Rg8 g6 0-1

[Event "POL-ch U18 Girls"]
[Site "Bartkowa"]
[Date "2002.??.??"]
[Round "?"]
[White "Tadych, Agnieszka"]
[Black "Skrochocka, Justyna"]
[Result "1/2-1/2"]
[WhiteElo "2066"]
[BlackElo "2049"]
[PlyCount "83"]
[EventDate "2002.01.??"]
[EventType "swiss"]
[EventRounds "10"]
[EventCountry "POL"]
[SourceTitle "EXT 2005"]
[Source "ChessBase"]
[SourceDate "2004.11.15"]
[SourceVersion "1"]
[SourceVersionDate "2004.11.15"]
[SourceQuality "1"]

1. d4 Nf6 2. e3 e6 3. f4 c5 4. Nf3 b6 5. c3 Be7 6. Bd3 Ba6 7. 0-0 Bxd3 8. Qxd3 0-0 9. Bd2 d5 10. Be1 c4 11. Qc2 Nc6 12. Bh4 b5 13. Bxf6 Bxf6 14. Nbd2 a5 15. e4 Qb6 16. exd5 exd5 17. g4 Rae8 18. Rae1 Bd8 19. Qf5 Rxe1 20. Rxe1 Ne7 21. Qd7 Ng6 22. f5 Nf4 23. Re8 f6 24. Nf1 b4 25. Ne3 bxc3 26. bxc3 Qc7 27. Qxc7 Bxc7 28. Re7 Bb8 29. Kf2 Rd8 30. Rb7 Nd3+ 31. Kf1 Bf4 32. Nd1 Kf8 33. Ra7 Rb8 34. Rxa5 Rb1 35. Ke2 Nc1+ 36. Kf2 Ra1 37. Ra8+ Ke7 38. Ra7+ Kf8 39. Ra8+ Ke7 40. Ra7+ Kf8 41. Ra8+ Ke7 42. Ra7+ 1/2-1/2

[Event "POL-ch U18 Girls"]
[Site "Zakopane"]
[Date "2001.01.24"]
[Round "9"]
[White "Reszka, Malgorzata"]
[Black "Skrochocka, Justyna"]
[Result "1/2-1/2"]
[WhiteElo "2093"]
[BlackElo "2037"]
[PlyCount "52"]
[EventDate "2001.01.16"]
[EventType "swiss"]
[EventRounds "11"]
[EventCountry "POL"]
[SourceTitle "EXT 2002"]
[Source "ChessBase"]
[SourceDate "2001.11.25"]
[SourceVersion "1"]
[SourceVersionDate "2001.11.25"]
[SourceQuality "1"]

1. e4 c5 2. Nf3 Nc6 3. d4 cxd4 4. Nxd4 Nf6 5. Nc3 d6 6. Bg5 e6 7. Qd2 a6 8. 0-0-0 h6 9. Bf4 Bd7 10. Nb3 Ne5 11. f3 Qc7 12. Be2 Be7 13. g4 Bc6 14. Kb1 Nfd7 15. h4 0-0-0 16. Nd4 Nc5 17. Qe3 Kb8 18. Bg3 Na4 19. Nxa4 Bxa4 20. b3 Bd7 21. f4 Nc6 22. Bf2 Nxd4 23. Qxd4 Qc5 24. Rh2 Qxd4 25. Bxd4 Rhg8 26. Bb6 Rc8 1/2-1/2